|
|
|
|
| LEADER |
00000naa2a2200000 4500 |
| 001 |
678056 |
| 005 |
20250117112931.0 |
| 090 |
|
|
|a 678056
|
| 100 |
|
|
|a 20250110d2024 k||y0rusy50 ba
|
| 101 |
0 |
|
|a eng
|
| 102 |
|
|
|a RU
|
| 135 |
|
|
|a drcn ---uucaa
|
| 200 |
1 |
|
|a Critical reception of Charles Reade’s fiction in Russia in the 19th century
|f О. В. Сумцова
|
| 320 |
|
|
|a Литература: 10 назв
|
| 330 |
|
|
|a The present article examines critical reception of the works by Charles Reade, the English writer of the Victorian period, in Russian literary studies in the 19th century. It is established that the writer’s literary activity has not received the in-depth and thorough critical comprehension in Russia despite Reade’s significant contribution to the formation of the native literary process
|
| 336 |
|
|
|a Текстовый файл
|
| 463 |
|
1 |
|0 677504
|t Язык. Общество. Образование
|o сборник научных трудов V Международной научно-практической конференции «Лингвистические и культурологические аспекты современного инженерного образования», Томск, 13-15 ноября 2024 г.
|f Национальный исследовательский Томский политехнический университет (ТПУ); гл. ред. Ю. В. Кобенко
|v С. 202-207
|d 2024
|9 677504
|c Томск
|n Изд-во ТПУ
|u conference_tpu-2024-C85_V2.pdf
|
| 545 |
1 |
|
|a Литература и современность: подходы, методы, интерпретации
|
| 610 |
1 |
|
|a электронный ресурс
|
| 610 |
1 |
|
|a труды учёных ТПУ
|
| 610 |
1 |
|
|a critical reception
|
| 610 |
1 |
|
|a Charles Reade
|
| 610 |
1 |
|
|a mass reader
|
| 610 |
1 |
|
|a popular literature
|
| 610 |
1 |
|
|a fiction writer
|
| 610 |
1 |
|
|a genre fusion
|
| 700 |
|
1 |
|a Сумцова
|b О. В.
|c лингвист
|c старший преподаватель Томского политехнического университета, кандидат филологических наук
|f 1977-
|g Ольга Витальевна
|9 14700
|
| 801 |
|
2 |
|a RU
|b 63413507
|c 20250110
|g RCR
|
| 856 |
4 |
|
|u http://earchive.tpu.ru/handle/11683/82053
|z http://earchive.tpu.ru/handle/11683/82053
|
| 942 |
|
|
|c CF
|